Hunger Games Decoder - Statistics

General Stats
  • This quiz has been taken 793 times
  • The average score is 15 of 28
Answer Stats
Hint Answer % Correct
A Haymitch's last name Abernathy
89%
E Last name of Katniss Everdeen
86%
B Favored weapon of the main character Bow and Arrow
82%
R 12 year old ally of Katniss in the 74th Games Rue
80%
E District 12's tribute "escort" Effie Trinket
75%
R Day when tributes are selected The Reaping
74%
F Last name of Capitol TV host Flickerman
66%
A A traitor whose tongue has been cut out Avox
64%
O Trident wielding tribute from District 4 Finnick Odair
64%
D Genre of the Hunger Games Dystopian
61%
E Female tribute famous for ripping out people's throats with her teath Enobaria
60%
N What District 13 specialized in Nuclear Weapons
60%
S Poor region of District 12 The Seam
59%
V Place where winning tributes retire Victor's Village
59%
M Genetically altered animal created in the Capitol Muttation
56%
R Ancient city that the Capitol is heavily modeled after Rome
53%
O Another of Katniss' prep team Octavia
50%
U Last name of District 12's Mayor, and Madge Undersee
48%
Y Age group of people selected as tributes Youth
48%
Quote May the odds be ever in your favor
44%
T Year's supply of grain and oil Tesserae
42%
H Saying 'Nightlock' three times will make it explode Holo
37%
D District 12 peacekeeper punished for helping Katniss Darius
34%
V One of Katniss' prep team Venia
34%
I Geographical formation in the middle of 2nd arena Island
33%
E What District 3 specialize in Electronics
31%
O The fictional drug morphling is a type of Opiate
29%
Y Type of wasp that Tracker Jackers may have been drawn from Yellowjacket
29%
No matching quizzes found
Score Distribution
Percent of People with Each Score
Percentile by Number Answered
Your Score History
You have not taken this quiz